000 00476nam a2200181Ia 4500
005 20250508154520.0
008 008 250505s9999 xx 000 0 eng d
037 _aTextual
040 _aFEDL
_beng
_cFEDL
041 _aeng
_2eng
084 _a371.426943, HIR
_qFEDL
100 _aHirlekar Yamunabai
245 0 _aVocational education in Germany
260 _c1962
300 _a175p.
942 _cTEXL
_h371.426943, HIR
999 _c1350710
_d1350710